Under the northern lights / (Record no. 18531)
[ view plain ]
| 000 -LEADER | |
|---|---|
| fixed length control field | 00735cam a22002411 4500 |
| 001 - CONTROL NUMBER | |
| control field | 18531 |
| 003 - CONTROL NUMBER IDENTIFIER | |
| rucl marc code | BD-RjUL |
| 005 - DATE AND TIME OF LATEST TRANSACTION | |
| control field | 20211209000310.0 |
| 008 - FIXED-LENGTH DATA ELEMENTS--GENERAL INFORMATION | |
| fixed length control field | 140220r19611928enk 000 1 eng |
| 035 ## - SYSTEM CONTROL NUMBER | |
| System control number | (BD-RjUL)18589 |
| System control number | (OCoLC)7537593 |
| 040 ## - CATALOGING SOURCE | |
| Original cataloging agency | DLC |
| Transcribing agency | OCoLC |
| Modifying agency | OBgU |
| -- | DLC |
| -- | BD-RjUL |
| Language of cataloging | eng |
| 041 ## - LANGUAGE CODE | |
| Language code of text/sound track or separate title | eng |
| 082 04 - DEWEY DECIMAL CLASSIFICATION NUMBER | |
| Classification number | 823.9 |
| Author mark and year | SUU 1961 |
| 100 1# - MAIN ENTRY--PERSONAL NAME | |
| Personal name | Sullivan, Alan, |
| Dates associated with a name | 1868-1947. |
| 9 (RLIN) | 57120 |
| 245 10 - TITLE STATEMENT | |
| Title | Under the northern lights / |
| Statement of responsibility, etc. | by Alan Sullivan. |
| 260 ## - PUBLICATION, DISTRIBUTION, ETC. (IMPRINT) | |
| Place of publication, distribution, etc. | London ; |
| -- | Toronto : |
| Name of publisher, distributor, etc. | J.M. Dent and Sons ltd., |
| Date of publication, distribution, etc. | 1928 [reprinted 1961]. |
| 300 ## - PHYSICAL DESCRIPTION | |
| Pagination | 192 p. |
| Size | 18 cm. |
| 650 #0 - SUBJECT ADDED ENTRY--TOPICAL TERM | |
| Topical term or geographic name as entry element | Indians of North America |
| Geographic subdivision | Canada |
| General subdivision | Fiction. |
| 9 (RLIN) | 57121 |
| 942 ## - ADDED ENTRY ELEMENTS (KOHA) | |
| Source of classification or shelving scheme | Dewey Decimal Classification |
| Koha item type | Books |
| Lost status | Source of classification or shelving scheme | Damaged status | Not for loan | Collection code | Permanent Location | Current Location | Shelving location | Date acquired | Source of acquisition | Total Checkouts | Full call number | Date last seen | Copy number | Koha item type |
|---|---|---|---|---|---|---|---|---|---|---|---|---|---|---|
| Dewey Decimal Classification | Not For Loan | Fiction | Central Library, University of Rajshahi | Central Library, University of Rajshahi | Reading Room | 04/05/1966 | australia | 823.9 SUU 1961 | 20/02/2014 | C-1 | Books |